| 000 | 01281cam a2200325 a 4500 | ||
|---|---|---|---|
| 001 | 15242275 | ||
| 003 | OSt | ||
| 005 | 20150408114001.0 | ||
| 008 | 111215s2009 mau 001 0 eng | ||
| 010 | _a 2008014981 | ||
| 020 | _a9780073378855 (pbk. : spiral bound : alk. paper) | ||
| 020 | _a0073378852 (pbk. : spiral bound : alk. paper) | ||
| 040 |
_aDLC _cDLC _dDLC |
||
| 050 | 0 | 0 |
_aPN4783 _b.A76 2009 |
| 082 | 0 | 0 |
_a808.027 A G M _222 |
| 100 | 1 |
_aArnold, George T. _98670 |
|
| 245 | 1 | 0 |
_aMedia writer's handbook : _ba guide to common writing and editing problems / _cGeorge T. Arnold. |
| 250 | _a5th ed. | ||
| 260 |
_aBoston : _bMcGraw-Hill Higher Education, _cc2009. |
||
| 300 |
_axxi, 335, 8 p. ; _c23 cm. |
||
| 500 | _aIncludes index. | ||
| 650 | 0 |
_aJournalism _vStyle manuals. _98671 |
|
| 650 | 0 |
_aJournalism _xAuthorship. _98672 |
|
| 650 | 0 |
_aMass media _xAuthorship. _98673 |
|
| 856 | 4 | 2 |
_3Publisher description _uhttp://www.loc.gov/catdir/enhancements/fy0834/2008014981-d.html |
| 856 | 4 | 1 |
_3Table of contents only _uhttp://www.loc.gov/catdir/enhancements/fy0834/2008014981-t.html |
| 906 |
_a7 _bcbc _corignew _d1 _eecip _f20 _gy-gencatlg |
||
| 942 |
_2ddc _cDVD |
||
| 999 |
_c20081 _d254581 |
||